Say, you want a revolution (Record no. 71034)

MARC details
000 -LEADER
fixed length control field 01211cam a2200229 4500
001 - CONTROL NUMBER
control field ABS65859
008 - FIXED-LENGTH DATA ELEMENTS--GENERAL INFORMATION
fixed length control field 020829n2002 000 0 eng u
035 ## - SYSTEM CONTROL NUMBER
System control number (Sirsi) u119476
100 ## - MAIN ENTRY--PERSONAL NAME
Personal name Whitehead, M.
245 ## - TITLE STATEMENT
Title Say, you want a revolution
260 ## - PUBLICATION, DISTRIBUTION, ETC.
Date of publication, distribution, etc. 2002
490 ## - SERIES STATEMENT
Series statement Municipal Journal
Volume/sequential designation 22 August 2002, 12(1)
520 ## - SUMMARY, ETC.
Summary, etc. Examines the reform of local government initiated by the Byatt Report last year and now strongly backed by the government and local authorities. A national forum is being set up to to involve a range of bodies including trade unions to offer advice on implementing the reforms. Specialist teams will be set up and from these will flow many of the other measures in the report which will open up local government contracts to local suppliers. Notes that fewer than 1 in 10 county and unitary authorities seen to have a dedicated team taking a stategic role on the procurement issues and the problem of a lack of capacity to fill the roles.
590 ## - LOCAL NOTE (RLIN)
Local note ABS
650 ## - SUBJECT ADDED ENTRY--TOPICAL TERM
Topical term or geographic name entry element LOCAL GOVERNMENT
650 ## - SUBJECT ADDED ENTRY--TOPICAL TERM
Topical term or geographic name entry element LOCAL AUTHORITIES
650 ## - SUBJECT ADDED ENTRY--TOPICAL TERM
Topical term or geographic name entry element Procurement-old
650 ## - SUBJECT ADDED ENTRY--TOPICAL TERM
Topical term or geographic name entry element GOVERNMENT CONTRACTS
650 ## - SUBJECT ADDED ENTRY--TOPICAL TERM
Topical term or geographic name entry element PURCHASING STRATEGY
690 ## - LOCAL SUBJECT ADDED ENTRY--TOPICAL TERM (OCLC, RLIN)
Topical term or geographic name as entry element LOCAL GOVERNMENT
942 ## - ADDED ENTRY ELEMENTS (KOHA)
Suppress in OPAC 0
Holdings
Withdrawn status Lost status Source of classification or shelving scheme Damaged status Not for loan Home library Current library Shelving location Date acquired Total Checkouts Full call number Barcode Date last seen Copy number Price effective from Koha item type
    Dewey Decimal Classification     London London Journal article 29/08/2002   ABS65859 119476-1001 06/08/2019 1 06/08/2019 Journal article